La atención a las personas dependientes en Argentina (Registro nro. 6282)

Detalles MARC
000 -LEADER
fixed length control field 00956 a2200265 4500
001 - CONTROL NUMBER
control field 57770
005 - DATE AND TIME OF LATEST TRANSACTION
control field 20260407155837.0
008 - FIXED-LENGTH DATA ELEMENTS--GENERAL INFORMATION
fixed length control field 260407a2007 arg spa d
003 - CONTROL NUMBER IDENTIFIER
control field AR-UNSa-BCEJYS
040 ## - CATALOGING SOURCE
Original cataloging agency AR-UNSa-BCEJYS
Language of cataloging spa
Transcribing agency AR-UNSa-BCEJYS
080 ## - UNIVERSAL DECIMAL CLASSIFICATION NUMBER
Universal Decimal Classification number 364.2
Common auxiliary subdivision Problemas específicos que influyen en el bienestar social. diversos problemas requieren distintas formas de ayuda
020 ## - INTERNATIONAL STANDARD BOOK NUMBER
International Standard Book Number 978-987-23497-8-3
041 ## - LANGUAGE CODE
Language code of text/sound track or separate title spa
100 1# - MAIN ENTRY--PERSONAL NAME
Personal name Albarrán Lozano, Irene
245 10 - TITLE STATEMENT
Title La atención a las personas dependientes en Argentina
264 #1 - PRODUCTION, PUBLICATION, DISTRIBUTION, MANUFACTURE, AND COPYRIGHT NOTICE
Place of production, publication, distribution, manufacture Córdoba :
Name of producer, publisher, distributor, manufacturer Asociación Cooperadora de la Facultad de Ciencias Económicas de la Universidad Nacional de Córdoba.
Date of production, publication, distribution, manufacture, or copyright notice 2007
300 ## - PHYSICAL DESCRIPTION
Extent 168 p.
Dimensions 26 cm.
590 ## - LOCAL NOTE (RLIN)
Local note niveau_biblio:m niveau_hierar:0
700 1# - ADDED ENTRY--PERSONAL NAME
Personal name González, Pablo Alonso
700 1# - ADDED ENTRY--PERSONAL NAME
Personal name Giuliodori, Roberto F.
700 1# - ADDED ENTRY--PERSONAL NAME
Personal name Vega, Ana Karl de
700 1# - ADDED ENTRY--PERSONAL NAME
Personal name Andonián, Olga
700 1# - ADDED ENTRY--PERSONAL NAME
Personal name Giuliodori, María Andrea
942 ## - ADDED ENTRY ELEMENTS (KOHA)
Koha item type
Existencias
Withdrawn status Lost status Damaged status Not for loan Home library Current library Shelving location Date acquired Total checkouts Full call number Barcode Date last seen Price effective from Koha item type
        Biblioteca Prof. Eusebio Cleto del Rey Biblioteca Prof. Eusebio Cleto del Rey   07/04/2026   364.2 A327 L128864 07/04/2026 07/04/2026 Libro